02832nam a2200349 i 4500001001000000003000900010005001700019006001900036007000300055008004100058020001500099040003000114082002400144245007800168264004200246300004500288336002700333337003300360338002800393505121600421590002701637600006301664650004401727650005501771700003801826700005501864942001401919952013601933952014102069952025502210999001702465000022127DO-SdBNP20260321073640.0a||||gr|||| 00| 0 ta100917e1999 dr a 000 e spa d a8493063819 aDO-SdBNPbspacBNPHUerda 4aRD864.44bP964j22200aPrólogos de Juan Bosch /ceditor, Orlando Inoa ; prólogo, Juan Bosch 4aSanto Domingo :bEditora Cole,c1999. a197 páginas :bIlustraciones ;c21 cm. atextobtxt2rdacontent asin mediaciónbn2rdamedia avolumenbnc2rdacarrier aMiguel Tavárez (Guelo). Un paso hacia la verdad -- Juan Isidro Jimenes Grullón. La República Dominicana : análisis de su pasado y su presente -- Federico García Godoy. Guanuma -- Julio César Martínez. Santo Domingo : desde Trujillo hasta la revolución de abril -- Gérard Pierre Charles. Radiografía de una dictadura : Haití bajo el régimen del Doctor Duvalier -- La máscara : cuentos premiados -- Federico García Godoy. El derrumbe -- Emilio Rodríguez Demorizi. Cuentos de política criolla --Angela Peña. Partidos, políticos y presidentes dominicanos -- Armando Almánzor Rodríguez. Infancia feliz -- Ariette Fernández. Coronel Fernández Domínguez : fundador del movimiento militar constitucionalista --Virgilio Díaz Grullón. De niños, hombres y fantasmas -- Marcia Rodríguez. Haití, un pueblo rebelado -- Edición homenaje. Homenaje a Pedro Mir -- Pircilio Díaz. Una manera extraña de morir y otros relatos --Chiqui Vicioso. Bolver a vivir : imágenes de Nicaragua -- Carmen Sánchez. Descalza entre piedras -- José Diego Grullón. Cayo Confites : la revolución traicionada -- José Jáquez. Ají tití -- León David. Intento de bandera. aInventariado 2024 / MF10a Bosch, Juan, d1909-2001xPrólogos y epílogos.976555 4aEnsayos dominicanosxColecciones922619 0aLITERATURA DOMINICANAxEnsayosvColecciones9782681 aInoa, Orlando,eeditor4ed.957841 a Bosch, Juan, d1909-2001eprologuista4pr.976555 2ddccLBS1 00102ddc51708PDaBNPHUbBNPHUcCTd2010-09-17l0oBNPHU PD RD864.44 P964jp22127-10r2020-06-25w2020-06-25yLBS1ZNo se presta 00102ddc51708PDaBNPHUbBNPHUcCTd2010-09-17l0oBNPHU PD RD864.44 P964jp22127-20r2020-06-25te.2w2020-06-25yLBS1ZNo se presta 00102ddc56708DSaBNPHUbBNPHUcCTd2023-04-08eDonado por la Presidencia de la República Dominicana 2023.l0oBNPHU DS RD864.44 P964jp2024-1934r2024-04-08te.3w2024-04-08yLBS1zPerteneció a la biblioteca personal de Emilio Cordero Michel. c21625d21625